| 000 | 00453nam a2200157 i 4500 | ||
|---|---|---|---|
| 001 | 147655 | ||
| 003 | ES-MaACL | ||
| 005 | 20230906202208.0 | ||
| 007 | t| | ||
| 008 | 071004s1919 xxu ||||1| eng d | ||
| 100 | 1 |
_aUntermeyer, Louis. _9112027 |
|
| 245 | 1 | 0 |
_aModern American poetry _b: an introduction ed. / _cby Louis Untermeyer. |
| 260 |
_aNew York, Harcourt : _bBruce, _c1919. |
||
| 300 |
_aXVIII. 170 p. ; _c20 cm. |
||
| 852 |
_aES-MaACL _jF-8042 |
||
| 999 |
_c147655 _d147655 |
||